| 000 | 01525nam0a2200349 4500 | ||
|---|---|---|---|
| 001 | RU\NLR\bibl\1020303 | ||
| 005 | 20260406055209.0 | ||
| 010 |
_a5-9691-0166-4 _bВ пер. _92000 |
||
| 021 |
_aRU _b2006-69583 _93500 |
||
| 035 | _a(nilc)RSL-KNO-002964069 | ||
| 035 | _a(NLR Aleph) 001007845 | ||
| 090 |
_a619561 _c619561 |
||
| 100 | _a20061107d2006 |||y0rusy50 ca | ||
| 101 | 0 | _arus | |
| 102 | _aRU | ||
| 105 | _ay zzzz||||| | ||
| 106 | _ar | ||
| 200 | 1 |
_aВилла Бель - Летра _e[роман] _fАлан Черчесов |
|
| 210 |
_aМосква _cВремя _d2006 _eЕкатеринбург _gУральский рабочий |
||
| 215 |
_a652,[1] с. _d17 |
||
| 225 | 1 | _aСерия "Самое время" | |
| 610 | 0 | _aФилологические науки. Художественная литература -- Российская Федерация -- Русская литература -- с сер. 50-х гг. 20 в. -- Произведения художественной литературы -- Художественная проза -- Романы. Повести. Рассказы | |
| 686 |
_aШ5(2=Р)75-644 _2rubbk |
||
| 686 | _aШ6(2=Осет)7-4{Лх-осет.498-45} | ||
| 700 | 1 |
_4070 _7ca _8rus _aЧерчесов _bА. Г. _f1962- _gАлан Георгиевич _9119427 _3RU\NLR\AUTH\779607 |
|
| 801 | 0 |
_aRU _bРКП _c20061107 _grcr |
|
| 801 | 1 |
_aRU _bРГБ _c20061107 |
|
| 801 | 2 |
_aRU _bNLR _c20061211 _grcr |
|
| 942 | _cBOOK | ||
| 980 | _aNB | ||